000
00325nam a2200109Ia 4500
008
200302s9999 xx 000 0 und d
100
_a
Thomas Cowan
245
_a
Living Details More Than 500 Ways to Make A House or Apartment a Home
260
_b
An Imprint of Watson -Guptill Publications
260
_c
1986
300
_a
160 P.,
999
_c
2362
_d
2362